| 000 | 00563nam 22001813 4500 | ||
|---|---|---|---|
| 001 | 200683 | ||
| 090 | _a200683 | ||
| 100 | _a20260223d u||y0pory50 ba | ||
| 200 |
_aO cinema italiano do após-guerra e o neo-realismo _fManuel de Azevedo |
||
| 210 |
_a[Lisboa] _cContraponto _dimp. 1957 |
||
| 215 |
_a168 p. _cil. ; brochado _d20 cm |
||
| 225 |
_aDivulgação Cinematográfica _v2 |
||
| 606 |
_aCinema. Filmes _916666 |
||
| 675 |
_a791.43(45).036 _vPT _zpor |
||
| 700 |
_916445 _aAzevedo _bManuel de _f1916-1984 |
||
| 801 |
_aPT _bBMMN _gRPC |
||
| 830 |
_cAna _fAna |
||
| 990 | _cLIVROS | ||